| 000 | 00377nam a2200157 a 4500 | ||
|---|---|---|---|
| 001 | 2717 | ||
| 005 | 20140414132036.0 | ||
| 008 | 050927s19uu xx 00 eng d | ||
| 020 | _a0-06-025655-9 | ||
| 050 |
_aTR _bG44 1964 |
||
| 100 | _aShel Silverstein | ||
| 245 | _aA giraffe and a half. | ||
| 260 | _bHarper Collins. | ||
| 300 | _a1 v. p. : ill. ; cm. | ||
| 999 |
_c113719 _d113719 |
||